000
00197 a2200097 4500
001
15451
100
_a
Smith, C.B
245
_a
Testing time
260
_a
London
_b
Cassell
_c
090
_c
12074
_d
12074
942
_a
NUST-CAE
_c
M
_c
2308
999
_c
250524
_d
250524